000 00636nam a22001577a 4500
003 OSt
005 20150921160419.0
008 150921b xxu||||| |||| 00| 0 eng d
040 _cRUA
082 _aAGR CHE 2008 B035 Or.1
100 _91033
_aCHEANNG PISETH
245 _aEffect of organic fertilizers on chinese kale at muk kampoul district, kandal province,(ឥទ្ធិពលនៃជីធម្មជាតិ ទៅលើដំណាំខាត់ណា នៅស្រុកមុខកំពូល ខេត្តកណ្ដាល)
260 _aphnom penh
_bRUA
_c2008
300 _ax,39p.
_cill.
_g29cm.
942 _2ddc
_cAGR
999 _c990
_d990